000 00718nam a2200193 i 4500
001 21495
003 ES-MaACL
005 20250723061828.0
007 t|
008 021126m19331946it ||||1| ita d
100 1 _aAlbertario, Emilio.
_919333
245 1 0 _aStudi di diritto romano /
_cEmilio Albertario.
260 _aMilano :
_bAntonino Giuffré,
_c1933-46 (
_ePavia :
_fFlli. Fusi)
300 _a5 v. ;
_c26 cm.
505 8 _aContiene: V. I: Persone e famiglia. -- V. II: Cose. Diritti Reali. Possesso. -- V. III: Obbligazioni. -- V.IV: Ereditáa e processo. -- V. V: Storia. Metodologia. Esegesi
650 0 7 _aDerecho romano
_2embne
_911764
852 _aES-MaACL
_jE-9873-7
999 _c21495
_d21495